Carminum Fascis V.

Bibliographic Details
Main Author: Faber, Antonii (Author)
Format: Book
Language:English
PhysicalDescription:74 s.
Published: Posonii [Typis Haeredum Belnayanorum] 1844

MARC

LEADER 00000nam a2200000 a 4500
001 vtls001522286
003 SK-MaSNL
005 20260302073926.0
008 240314 000 0 eng
040 |a SNK  |b slo  |c SNK  |e AACR2 
100 1 |a Faber, Antonii  |4 aut  |9 641726 
245 1 0 |a Carminum Fascis V. 
260 |a Posonii  |b [Typis Haeredum Belnayanorum]  |c 1844 
300 |a 74 s. 
999 |c 1162899  |d 1164829 
952 |a SNK  |b SNK  |y VYP  |7 0  |p 17A0462035  |o snkSD 3149 D1  |i snkK 3098/66  |3 Rekatalogizácia  |0 0  |1 0  |4 0  |d 2005-04-05  |l 0  |r 2026-02-24 20:39:07  |w 2026-02-24 
952 |a SNK  |b SNK  |y VYP  |7 0  |p 17A0462036  |o snkSD 3149 D3  |i snkF 2555/82  |3 Rekatalogizácia  |0 0  |1 0  |4 0  |d 2005-04-05  |l 0  |r 2026-02-24 20:39:07  |w 2026-02-24 
952 |a SNK  |b SNK  |y VYP  |7 0  |p 17A0462960  |o snkSD 3149 D2  |i snkF 2772/67  |3 Rekatalogizácia  |0 0  |1 0  |4 0  |d 2005-04-05  |l 0  |r 2026-02-24 20:39:07  |w 2026-02-24